000 00508nam a2200181Ia 4500
008 240925s9999 xx 000 0 und d
020 _a8176568279
082 _a004.67 LAM
100 _aLammle, Todd
245 0 _aCCSP Securing CISCO IOS Networks: study guide
250 _aNA
260 _aNew Delhi:
_bBPB Publication
_c,2003.
300 _axxx,908p.
_bNA
_fPhotocopy
500 _aIncludes Index
600 _aComputer Science
650 _aComputer science, information & general works
942 _cBK
999 _c7922
_d7922